| 000 | nam a22 7a 4500 | ||
|---|---|---|---|
| 999 |
_c232634 _d232634 |
||
| 003 | Nust | ||
| 005 | 20170221162752.0 | ||
| 008 | 170221b xxu||||| |||| 00| 0 eng d | ||
| 040 | _cASAB | ||
| 082 | _a016.796 | ||
| 222 | _arahnima e kheel o jismani taleem | ||
| 245 |
_aA guide on Sports & physical education _cDr. waheen mughal |
||
| 246 | _aa guide on Sports and physical education | ||
| 300 |
_axxi, 591p. ; _c24 cm. |
||
| 942 |
_2ddc _cBK |
||